Największe platformy VOD - Statystyki

Ogólne statystyki
  • Ten quiz został rozwiązany 219 razy
  • Średni wynik to 4 z 12
Statystyki odpowiedzi
Użytkownicy Platformy VOD % Poprawnych
259M Netflix
100%
95M HBO
87%
191M Disney+
84%
228M Amazon
76%
48M Hulu
27%
44M AppleTV+
25%
66M Paramount+
10%
40M ALTBalaji
2%
121M iQIYI
2%
146M Tencent Video
2%
107M Youku
2%
55M YouTubeTV
2%
Nie znaleziono quizów pasujących do podanych kryteriów
Rozkład punktacji
Procent ludzi z każdym wynikiem
Percentyl według liczby udzielonych odpowiedzi
Twoja historia wyników
Nie rozwiązałeś tego quizu